Deutschland: Geografie mit R - Statistiken

Allgemein
  • Dieses Quiz wurde 672 mal gespielt
  • Das Durchschnittsergebnis liegt bei 10 aus 14
Antwortstatistiken
Hinweis Antwort % Korrekt
Längster Fluss Deutschlands, an dem Städte wie Köln und Mannheim liegen Rhein
100%
Der "Pott" {Ruhr}gebiet
94%
In diesem Berliner Gebäude tagt der Deutsche Bundestag Reichstag
93%
Hauptstadt des bayerischen Regierungsbezirks Oberpfalz mit dem KFZ-Kennzeichen "R" Regensburg
92%
Der Fußballverein FC Hansa kommt aus dieser Ostseestadt Rostock
90%
Diese Stadt in Oberschwaben ist vor allem für einen Brettspieleverlag mit einem blauen Dreieck bekannt Ravensburg
88%
Auf dieser größten deutschen Insel befinden sich die Orte Bergen, Binz und Sassnitz Rügen
88%
Zentrale Straße im Vergnügungs- und Rotlichtviertel des Hamburger Stadtteils St. Pauli Reeperbahn
85%
Hessens höchster Berg, die Wasserkuppe, ist auch der höchste Berg in diesem hessisch-thüringisch-bayerischen Mittelgebirge Rhön
54%
Die südöstlich von München gelegene oberbayerische Stadt ist die größte deutsche Stadt am Inn Rosenheim
49%
Rathaus der Stadt Frankfurt am Main Römer
48%
Mittelgebirge in Hessen und Nordrhein-Westfalen, dessen höchste Erhebungen der Langenberg und der Kahle Asten sind {Rothaar}gebirge
41%
Dieser historische Weg durch den Thüringer Wald ist der meistbegangene Weitwanderweg Deutschlands Rennsteig
27%
Bodenseeinsel, die mit ihrem Kloster zum UNESCO-Weltkulturerbe gehört Reichenau
24%
Keine übereinstimmenden Quizze gefunden
Verteilung der Resultate
Anzahl Personen mit jedem Resultat
Perzentil nach korrekt beantworteten Fragen
Ihre Resultats-Entwicklung
Sie haben dieses Quiz noch nicht gespielt